Statistiques concernant couleurs de cheveux

Cliquez ici pour prendre le quiz!

Statistiques générales

  • Ce quiz a été pris 439 fois
  • Le résultat moyen est 6 sur 8

Statistiques - réponses

Réponse% Correct
blond
98%
roux
95%
brun
94%
noir
89%
chatain
88%
blanc
75%
gris
71%
blond venicien
13%

Distribution des résultats

Percentile par nombre de réponses

% des personnes avec chaque résultat

Votre développement - résultats

Vous n’avez pas pris ce quiz